00713nam a22002177a 450000500170000001000190001702000260003602000270006203500150008903500140010403700090011808200080012710000200013524500830015525000060023826000540024427001250029830000250042330000230044870000240047120250708144528.0 aENG-145853-854 c595.00a9789395368957 c1795.00a9789395368810 aEN-1293815 aEN-129386 bDBAD a370 aMohan, G. Aruna aPsychological Foundations Of Education/cG. Aruna Mohan and Vijayalatha Repudi a1 aNew DelhibNeelkamal Publications Pvt. Ltd.c2024 bNew Delhia4764/1, 23, Ansari Road, Daryaganj, New Delhie110002k011-23244237k+91 9811828953mneelkamalbooks@gmail.com a375 p.c24.2 cm (pb) a375 p.c24 cm (hb) aRepudi, Vijayalatha